Ling & Ting : twice as silly / by Grace Lin.
Available copies
- 5 of 5 copies available at LARL/NWRL Consortium. (Show)
- 5 of 5 copies available at Northwest Regional Library.
Current holds
0 current holds with 5 total copies.
View other formats and editions
Show All Copies
| Location | Call Number / Copy Notes | Barcode | Shelving Location | Status | Due Date |
|---|---|---|---|---|---|
| Godel Memorial-Warren Library | e LIN (Text) | 35500005437718 | Main | Available | - |
| Greenbush Public Library | e LIN (Text) | 35500005437726 | Main | Available | - |
| Hallock Public Library | e LIN (Text) | 35500005437734 | Main | Available | - |
| Roseau Public Library | e LIN (Text) | 35500005437742 | Main | Available | - |
| Thief River Falls Public Library | e LIN (Text) | 35500005437700 | Main | Available | - |
Record details
- ISBN: 9780316184021 (hardcover)
- ISBN: 0316184020 (hardcover)
- Physical Description: 43 pages : color illustrations ; 24 cm.
- Edition: First edition.
- Publisher: New York ; Little, Brown and Company, 2014.
Content descriptions
| Summary, etc.: | "Identical twins Ling and Ting like to be silly, ... Read More |
Search for related items by subject
| Subject: | Humorous stories. Twins > Juvenile fiction. Sisters > Juvenile fiction. Play > Juvenile fiction. Chinese Americans > Juvenile fiction. |
| LDR | 01997cam a22004698i 4500 | ||
|---|---|---|---|
| 001 | 172180 | ||
| 003 | LARL_NWRL_CONSORTIUM | ||
| 005 | 20141107120803.0 | ||
| 008 | 131106s2014 nyua b 000 1 eng | ||
| 010 | . | ‡a2013041479 | |
| 019 | . | ‡a872420789 | |
| 020 | . | ‡a9780316184021 (hardcover) | |
| 020 | . | ‡a0316184020 (hardcover) | |
| 035 | . | ‡a(OCoLC)862928613 ‡z(OCoLC)872420789 | |
| 040 | . | ‡aDLC ‡beng ‡erda ‡cDLC ‡dYDXCP ‡dBTCTA ‡dSINLB ‡dJAG ‡dOCLCO ‡dGZD | |
| 042 | . | ‡apcc ‡alcac | |
| 049 | . | ‡aNRG | |
| 082 | 0 | 0. | ‡a[E] ‡223 |
| 099 | . | ‡aEASY LEVEL 3 | |
| 100 | 1 | . | ‡aLin, Grace, ‡eauthor, ‡eillustrator. ‡0(LARL_NWRL_CONSORTIUM)126891 |
| 245 | 1 | 0. | ‡aLing & Ting : ‡btwice as silly / ‡cby Grace Lin. |
| 246 | 3 | 0. | ‡aTwice as silly. |
| 246 | 3 | . | ‡aLing and Ting, twice as silly. |
| 250 | . | ‡aFirst edition. | |
| 260 | . | ‡aNew York ; ‡aBoston : ‡bLittle, Brown and Company, ‡c2014. | |
| 300 | . | ‡a43 pages : ‡bcolor illustrations ; ‡c24 cm. | |
| 336 | . | ‡atext ‡2rdacontent. | |
| 336 | . | ‡astill image ‡2rdacontent. | |
| 337 | . | ‡aunmediated ‡2rdamedia. | |
| 338 | . | ‡avolume ‡2rdacarrier. | |
| 520 | . | ‡a"Identical twins Ling and Ting like to be silly, tell jokes, and laugh together"-- ‡cProvided by publisher. | |
| 650 | 0. | ‡aHumorous stories. ‡0(LARL_NWRL_CONSORTIUM)22555 | |
| 650 | 0. | ‡aTwins ‡vJuvenile fiction. ‡0(LARL_NWRL_CONSORTIUM)167782 | |
| 650 | 0. | ‡aSisters ‡vJuvenile fiction. ‡0(LARL_NWRL_CONSORTIUM)167228 | |
| 650 | 0. | ‡aPlay ‡vJuvenile fiction. ‡0(LARL_NWRL_CONSORTIUM)174144 | |
| 650 | 0. | ‡aChinese Americans ‡vJuvenile fiction. ‡0(LARL_NWRL_CONSORTIUM)171385 | |
| 901 | . | ‡a172180 ‡bISxN ‡c172180 ‡tbiblio | |

Add to basket
Permalink
Disable Highlighting